| 000 | 00588 a2200169 4500 | ||
|---|---|---|---|
| 003 | Nust | ||
| 005 | 20170207154027.0 | ||
| 040 | _cNust | ||
| 082 | _a621.395 | ||
| 100 | _aHwang, Enoch O. | ||
| 245 |
_aMicroprocessor design principles and practices with VHDL - (E-BOOK) _cEnoch O. Hwang |
||
| 260 |
_aNew York _bBrooks/Cole _c2004 |
||
| 300 | _a341 p. | ||
| 500 | _aDesigning a Microprocessor Digital Circuits Combinational Circuits Combinational Components Implementation Technologies Latches and Flip-Flops Sequential Circuits Sequential Components | ||
| 650 | _aVHDL | ||
| 651 | _aE-BOOK | ||
| 942 |
_2ddc _cBK |
||
| 999 |
_c191966 _d191966 |
||